| 000 | 00849nam a22002293 4500 | ||
|---|---|---|---|
| 001 | 200657 | ||
| 010 | _a989-601-017-X (vol. 1) | ||
| 010 | _a989-601-029-3 (vol. 2) | ||
| 021 |
_aPT _b229469/05 (vol. 1) |
||
| 021 |
_aPT _b239748/06 (vol. 2) |
||
| 090 | _a200657 | ||
| 100 | _a20260220d u||y0pory50 ba | ||
| 200 |
_aContabilidade de gestô _fVictor Seabra Franco... [et al.] |
||
| 210 |
_aLisboa _cPublisher Team _d2005-2006 |
||
| 215 |
_a2 vols. _cbrochado _d23 cm |
||
| 327 | _a1ð vol. : O apuramento dos custos e a informaȯ̂ de apoio d̉ecisô. - 1® ediȯ̂. - 396 p. 2ð vol. : Orȧmento anual e instrumentos de avaliaȯ̂ do desempenho organizacional. - 334 p. | ||
| 606 |
_93573 _aContabilidade |
||
| 675 |
_a657 _vPT _zpor |
||
| 701 |
_916426 _aFranco _bVictor Seabra |
||
| 801 |
_aPT _bBMMN _gRPC |
||
| 830 | _cVanda | ||
| 990 | _cLIVROS | ||